[Event "Florianopolis op 9th"]
[Site "Florianopolis"]
[Date "2023.01.24"]
[Round "3"]
[White "Orofino, Gabriel"]
[Black "Nunes, Nicole"]
[Result "1-0"]
[WhiteElo "1460"]
[BlackElo "1014"]
[PlyCount "63"]
[EventDate "2023.01.23"]
[EventType "swiss"]
[EventRounds "10"]
[EventCountry "BRA"]
[SourceTitle "CBM 212 Extra"]
[Source "ChessBase"]
[SourceDate "2023.03.31"]
[SourceVersion "1"]
[SourceVersionDate "2023.03.31"]
[SourceQuality "1"]

1. e4 c5 2. Nf3 Nc6 3. d4 cxd4 4. Nxd4 Qc7 5. Nc3 g6 6. Be3 Bg7 7. Qd2 Nf6 8. Be2 b6 9. Bh6 0-0 10. 0-0-0 Bb7 11. Bxg7 Kxg7 12. g3 Nb4 13. a3 Na6 14. Bf3 Nc5 15. Rhe1 Ne6 16. e5 Nxd4 17. exf6+ exf6 18. Bxb7 Qxb7 19. Qxd4 Rfd8 20. Re7 Qg2 21. Ne4 Qf3 22. Ng5 Rf8 23. Nxf3 d5 24. Qxd5 a6 25. Rxf7+ Rxf7 26. Qxa8 a5 27. Rd8 Kh6 28. Qd5 Rc7 29. g4 f5 30. gxf5 gxf5 31. Qxf5 Rc5 32. Rd6+ 1-0

[Event "Niteroi op 2nd"]
[Site "Niteroi"]
[Date "2022.09.04"]
[Round "5"]
[White "Orofino, Gabriel"]
[Black "Silva, Joao Paulo Gomes"]
[Result "0-1"]
[WhiteElo "1800"]
[BlackElo "1587"]
[PlyCount "110"]
[EventDate "2022.09.01"]
[EventType "swiss"]
[EventRounds "9"]
[EventCountry "BRA"]
[SourceTitle "CBM 210 Extra"]
[Source "ChessBase"]
[SourceDate "2022.11.30"]
[SourceVersion "1"]
[SourceVersionDate "2022.11.30"]
[SourceQuality "1"]

1. e4 c6 2. Nf3 d5 3. exd5 cxd5 4. d4 Nf6 5. Bd3 g6 6. Bf4 Nc6 7. Nbd2 Bg7 8. h3 0-0 9. 0-0 Nb4 10. Be2 Bf5 11. c3 Bc2 12. Qc1 Nd3 13. Qxc2 Nxf4 14. Rfe1 a6 15. Nb3 b6 16. a4 Rc8 17. a5 Nxe2+ 18. Rxe2 Ne4 19. Nbd2 Nxd2 20. Nxd2 Bxd4 21. Qd3 Bg7 22. axb6 Qxb6 23. Rxe7 Qxb2 24. Rb1 Qxc3 25. Qxd5 Rcd8 26. Rd7 Rxd7 27. Qxd7 a5 28. Rb3 Qc1+ 29. Kh2 a4 30. Rb1 Qc3 31. Rb7 a3 32. Ne4 Qe5+ 33. g3 Qxe4 34. Ra7 Qb4 35. Qa4 Qxa4 36. Rxa4 Bb2 37. Kg1 Rd8 38. Kf1 Rd4 39. Ra5 Re4 40. Ra6 Rc4 41. Ke1 Rc1+ 42. Kd2 Rc3 43. Ra4 Rb3 44. h4 Kg7 45. Ra6 f5 46. Ra4 Kf6 47. Ra6+ Ke5 48. Ra8 Kd5 49. Rd8+ Kc6 50. Ra8 Kb7 51. Ra4 Rb6 52. Kc2 Ra6 53. Rb4+ Kc6 54. Kb1 a2+ 55. Kc2 a1Q 0-1